000 00874nam a22002175i 4500
001 152833
003 ES-MaACL
005 20260301183522.0
008 991018s1869 sp |||| | spa d
080 _a929 Alfonso (460) XII
080 _a94(460)"1868/70"
100 1 _aBuisen y Tomaty, Enrique.
_932464
245 1 3 _aLa nueva monarquía y el nuevo rey /
_cpor Don Enrique Buisen y Tomaty.
260 _aMadrid :
_b[s.n.],
_c1869 (
_fImp. del Norte a cargo de C. Moro)
300 _a31 p. ;
_c24 cm.
600 0 4 _aAlfonso
_bXII,
_cRey de España
_919874
651 4 _aEspaña-
_xReyes y soberanos-
_xSucesión.
_9156094
852 4 _aES-MaACL
_jT-105-F-19
_z- Enc. hol., falto de la enc. original
_z- Enc. en un vol. facticio
856 4 _uhttp://bdh-rd.bne.es/viewer.vm?id=0000261732&page=1
_zBiblioteca Digital Hispánica
999 _c152833
_d152833